<?xml version="1.0" encoding="UTF-8"?>
<record
    xmlns:xsi="http://www.w3.org/2001/XMLSchema-instance"
    xsi:schemaLocation="http://www.loc.gov/MARC21/slim http://www.loc.gov/standards/marcxml/schema/MARC21slim.xsd"
    xmlns="http://www.loc.gov/MARC21/slim">

  <leader>00695nam a22001937a 4500</leader>
  <controlfield tag="005">20240729112348.0</controlfield>
  <controlfield tag="008">240729b           ||||| |||| 00| 0 eng d</controlfield>
  <datafield tag="040" ind1=" " ind2=" ">
    <subfield code="c">AL</subfield>
  </datafield>
  <datafield tag="041" ind1=" " ind2=" ">
    <subfield code="a">Kannada</subfield>
  </datafield>
  <datafield tag="082" ind1=" " ind2=" ">
    <subfield code="2">23</subfield>
    <subfield code="a">305.895487K</subfield>
    <subfield code="b">HAJB</subfield>
  </datafield>
  <datafield tag="100" ind1=" " ind2=" ">
    <subfield code="a">Haji T A Aliyabba Jokatte   &#xCB9;&#xCBE;&#xC9C;&#xCBF; &#xC9F;&#xCBF; &#xC8E; &#xC86;&#xCB2;&#xCBF;&#xCAF;&#xCAC;&#xCCD;&#xCAC; &#xC9C;&#xCCB;&#xC95;&#xC9F;&#xCCD;&#xC9F;&#xCC6; </subfield>
    <subfield code="9">174330</subfield>
  </datafield>
  <datafield tag="245" ind1=" " ind2=" ">
    <subfield code="a">Beary: Nanu Kandanthe</subfield>
    <subfield code="b">&#xCAC;&#xCCD;&#xCAF;&#xCBE;&#xCB0;&#xCBF;: &#xCA8;&#xCBE;&#xCA8;&#xCC1; &#xC95;&#xC82;&#xCA1;&#xC82;&#xCA4;&#xCC6; </subfield>
  </datafield>
  <datafield tag="260" ind1=" " ind2=" ">
    <subfield code="a">Mangaluru</subfield>
    <subfield code="b">Jokatte Prakashana</subfield>
    <subfield code="c">2024</subfield>
  </datafield>
  <datafield tag="300" ind1=" " ind2=" ">
    <subfield code="a">92 p.</subfield>
    <subfield code="b">PB</subfield>
    <subfield code="c">21.5x13.5 cm.</subfield>
  </datafield>
  <datafield tag="365" ind1=" " ind2=" ">
    <subfield code="b">&#x20B9;100.00</subfield>
    <subfield code="c">&#x20B9;</subfield>
    <subfield code="d">&#x20B9;100.00</subfield>
  </datafield>
  <datafield tag="650" ind1=" " ind2=" ">
    <subfield code="a">A Study of Beary Community</subfield>
    <subfield code="9">174331</subfield>
  </datafield>
  <datafield tag="700" ind1=" " ind2=" ">
    <subfield code="a">JOKATTE (Haji T A Aliyabba)</subfield>
    <subfield code="9">174332</subfield>
  </datafield>
  <datafield tag="942" ind1=" " ind2=" ">
    <subfield code="2">ddc</subfield>
    <subfield code="c">DB</subfield>
  </datafield>
  <datafield tag="999" ind1=" " ind2=" ">
    <subfield code="c">231526</subfield>
    <subfield code="d">231526</subfield>
  </datafield>
  <datafield tag="952" ind1=" " ind2=" ">
    <subfield code="0">0</subfield>
    <subfield code="1">0</subfield>
    <subfield code="2">ddc</subfield>
    <subfield code="4">0</subfield>
    <subfield code="7">0</subfield>
    <subfield code="8">KAN</subfield>
    <subfield code="a">AL</subfield>
    <subfield code="b">AL</subfield>
    <subfield code="d">2024-07-25</subfield>
    <subfield code="g">100.00</subfield>
    <subfield code="l">0</subfield>
    <subfield code="o">305.895487K HAJB</subfield>
    <subfield code="p">D06178</subfield>
    <subfield code="r">2024-07-29 00:00:00</subfield>
    <subfield code="v">100.00</subfield>
    <subfield code="w">2024-07-29</subfield>
    <subfield code="y">DB</subfield>
    <subfield code="z">Donated by Zakariya Foundation Mangaluru</subfield>
  </datafield>
  <datafield tag="952" ind1=" " ind2=" ">
    <subfield code="0">0</subfield>
    <subfield code="1">0</subfield>
    <subfield code="2">ddc</subfield>
    <subfield code="4">0</subfield>
    <subfield code="7">0</subfield>
    <subfield code="8">KAN</subfield>
    <subfield code="a">AL</subfield>
    <subfield code="b">AL</subfield>
    <subfield code="c">SSS</subfield>
    <subfield code="d">2024-07-25</subfield>
    <subfield code="g">100.00</subfield>
    <subfield code="l">0</subfield>
    <subfield code="o">305.895487K HAJB</subfield>
    <subfield code="p">D06179</subfield>
    <subfield code="r">2024-07-29 00:00:00</subfield>
    <subfield code="v">100.00</subfield>
    <subfield code="w">2024-07-29</subfield>
    <subfield code="y">DB</subfield>
    <subfield code="z">Donated by Zakariya Foundation Mangaluru</subfield>
  </datafield>
  <datafield tag="952" ind1=" " ind2=" ">
    <subfield code="0">0</subfield>
    <subfield code="1">0</subfield>
    <subfield code="2">ddc</subfield>
    <subfield code="4">0</subfield>
    <subfield code="7">0</subfield>
    <subfield code="8">KAN</subfield>
    <subfield code="a">AL</subfield>
    <subfield code="b">AL</subfield>
    <subfield code="c">SSS</subfield>
    <subfield code="d">2024-07-25</subfield>
    <subfield code="g">100.00</subfield>
    <subfield code="l">0</subfield>
    <subfield code="o">305.895487K HAJB</subfield>
    <subfield code="p">D06180</subfield>
    <subfield code="r">2024-07-29 00:00:00</subfield>
    <subfield code="v">100.00</subfield>
    <subfield code="w">2024-07-29</subfield>
    <subfield code="y">DB</subfield>
    <subfield code="z">Donated by Zakariya Foundation Mangaluru</subfield>
  </datafield>
  <datafield tag="952" ind1=" " ind2=" ">
    <subfield code="0">0</subfield>
    <subfield code="1">0</subfield>
    <subfield code="2">ddc</subfield>
    <subfield code="4">0</subfield>
    <subfield code="7">0</subfield>
    <subfield code="8">KAN</subfield>
    <subfield code="a">AL</subfield>
    <subfield code="b">AL</subfield>
    <subfield code="c">SSS</subfield>
    <subfield code="d">2024-07-25</subfield>
    <subfield code="g">100.00</subfield>
    <subfield code="l">0</subfield>
    <subfield code="o">305.895487K HAJB</subfield>
    <subfield code="p">D06181</subfield>
    <subfield code="r">2024-07-29 00:00:00</subfield>
    <subfield code="v">100.00</subfield>
    <subfield code="w">2024-07-29</subfield>
    <subfield code="y">DB</subfield>
    <subfield code="z">Donated by Zakariya Foundation Mangaluru</subfield>
  </datafield>
</record>
